[Event "Goldmoney Asian Prelim"]
[Site "chess24.com INT"]
[Date "2021.06.27"]
[Round "6.7"]
[White "Ding, Liren"]
[Black "Vidit, Santosh Gujrathi"]
[Result "1/2-1/2"]
[WhiteTitle "GM"]
[BlackTitle "GM"]
[WhiteElo "2799"]
[BlackElo "2726"]
[WhiteFideId "8603677"]
[BlackFideId "5029465"]
[EventDate "2021.06.26"]

1. c4 c5 2. Nf3 Nc6 3. e3 e6 4. d4 d5 5. cxd5 exd5 6. Bb5 Nf6 7. O-O cxd4 8.
exd4 Be7 9. Ne5 Bd7 10. Nc3 O-O 11. Re1 Rc8 12. Bg5 Be6 13. Rc1 Nd7 14. Bxe7
Nxe7 15. Bxd7 Bxd7 16. Qb3 Bc6 17. Qa3 a6 18. Nd1 f6 19. Nxc6 Nxc6 20. Ne3 Qd7
21. Rc5 Ne7 22. h3 Rxc5 23. dxc5 Rd8 24. Qd3 Qb5 25. Qc2 Rc8 26. Nf5 Nxf5 27.
Qxf5 Qxc5 28. b4 Qc6 29. Re7 Re8 30. Rxe8+ Qxe8 31. Qxd5+ Qf7 32. Qd8+ Qf8 33.
Qb6 Qe7 34. a4 Kf7 35. g3 Qe1+ 36. Kh2 Qe4 37. b5 axb5 38. axb5 Qf3 39. Qc5 g5
40. b6 h5 41. Qc7+ Kg6 42. Qc2+ Kg7 43. Qc7+ Kg6 44. Qc2+ Kg7 45. Qc7+ Kg6 1/2-1/2

[Event "Goldmoney Asian Prelim"]
[Site "chess24.com INT"]
[Date "2021.06.27"]
[Round "7.4"]
[White "Hou, Yifan"]
[Black "Adhiban, Baskaran"]
[Result "1-0"]
[WhiteTitle "GM"]
[BlackTitle "GM"]
[WhiteElo "2658"]
[BlackElo "2660"]
[WhiteFideId "8602980"]
[BlackFideId "5018471"]
[EventDate "2021.06.26"]

1. e4 e5 2. Nf3 Nc6 3. Bb5 a6 4. Ba4 Nf6 5. O-O Bc5 6. c3 b5 7. Bb3 d6 8. d3 O-O
9. Be3 Bb6 10. h3 Ne7 11. Nbd2 Ng6 12. d4 c5 13. Re1 Bb7 14. Bc2 h6 15. a4 Re8
16. d5 c4 17. b3 cxb3 18. Nxb3 Bxe3 19. Rxe3 Rb8 20. axb5 axb5 21. Nfd2 Nf4 22.
Na5 Nd7 23. c4 bxc4 24. Ba4 Rf8 25. Bc6 Bc8 26. Naxc4 Nc5 27. Ra7 Ba6 28. Kh2
Rb4 29. Qc2 Qb8 30. Ra8 Qc7 31. Rxf8+ Kxf8 32. Nxe5 Qe7 33. Nef3 Nfd3 34. Qc3
Qf6 35. Qa3 Kg8 36. Rxd3 Nxd3 37. Qxa6 Nxf2 38. Qe2 Nxe4 39. Nxe4 Qf4+ 40. Ng3
h5 41. Qe8+ Kh7 42. h4 g6 43. Qe7 Kg7 44. Qg5 Qxg5 45. hxg5 f6 46. Bd7 fxg5 47.
Nxg5 Kf6 48. N3e4+ Ke5 49. Be6 Kf4 50. g3+ Ke5 51. Kh3 Ra4 52. Nc3 Ra5 53. Nf3+
Kf6 54. Ne4+ Ke7 55. Nh4 1-0

[Event "Goldmoney Asian Prelim"]
[Site "chess24.com INT"]
[Date "2021.06.27"]
[Round "7.5"]
[White "So, Wesley"]
[Black "Artemiev, Vladislav"]
[Result "1-0"]
[WhiteTitle "GM"]
[BlackTitle "GM"]
[WhiteElo "2770"]
[BlackElo "2704"]
[WhiteFideId "5202213"]
[BlackFideId "24101605"]
[EventDate "2021.06.26"]

1. e4 c5 2. Nf3 e6 3. g3 Nc6 4. Bg2 Nf6 5. Nc3 d5 6. exd5 exd5 7. d4 cxd4 8.
Nxd4 Bg4 9. f3 Be6 10. Be3 Bb4 11. O-O Bxc3 12. bxc3 O-O 13. Rb1 Qd7 14. Nxe6
Qxe6 15. Re1 Qd7 16. Bg5 Qf5 17. h4 h6 18. g4 Qd7 19. Bxf6 gxf6 20. c4 Rad8 21.
cxd5 Qxd5 22. Qxd5 Rxd5 23. Rxb7 Rd2 24. f4 Nd4 25. Kf1 Nxc2 26. Re2 Rd1+ 27.
Kf2 Nd4 28. Reb2 Ne6 29. Bf3 Rc1 30. Kg3 Rc3 31. R2b3 Rfc8 32. Rb8 Rxb8 33. Rxc3
Nd4 34. Bd1 Rb1 35. Rd3 Ne6 36. Rd5 Kg7 37. f5 Nc5 38. Bc2 Rb5 39. Kf3 Ra5 40.
a4 Kf8 41. Ke3 Nb7 42. Rxa5 Nxa5 43. Kd4 Ke7 44. Kc5 Kd7 45. Kb5 Nc6 46. Be4 Ne5
47. Ka6 Nxg4 48. Kxa7 Kc7 49. Ka6 Nf2 50. Bf3 Nd3 51. Kb5 Ne5 52. Be4 Ng4 53. a5
Nf2 54. Bf3 Nd3 55. a6 Ne5 56. a7 Nxf3 57. a8=Q 1-0

[Event "Goldmoney Asian Prelim"]
[Site "chess24.com INT"]
[Date "2021.06.27"]
[Round "7.8"]
[White "Carlsen, Magnus"]
[Black "Giri, Anish"]
[Result "1/2-1/2"]
[WhiteTitle "GM"]
[BlackTitle "GM"]
[WhiteElo "2847"]
[BlackElo "2780"]
[WhiteFideId "1503014"]
[BlackFideId "24116068"]
[EventDate "2021.06.26"]

1. e4 e5 2. Nf3 Nc6 3. Bc4 Nf6 4. d3 Bc5 5. O-O d6 6. c3 O-O 7. Re1 a6 8. a4 Ba7
9. Nbd2 Ng4 10. Re2 Kh8 11. b4 f5 12. Bb3 Bd7 13. Ra2 Qe8 14. exf5 Bxf5 15. Nf1
Be6 16. b5 Bxb3 17. Qxb3 Ne7 18. d4 Ng6 19. c4 e4 20. Ng3 exf3 21. Rxe8 Raxe8
22. Qd1 Nh4 23. h3 fxg2 24. Re2 Rxe2 25. Qxe2 Nxf2 26. Be3 Nxh3+ 27. Kh2 g1=Q+
28. Bxg1 Nf3+ 29. Kh1 Nhxg1 30. Qe7 Rg8 31. Nf5 Nxd4 32. Nh6 gxh6 33. Qf6+ Rg7
34. Qf8+ Rg8 35. Qf6+ Rg7 36. Qf8+ Rg8 37. Qf6+ 1/2-1/2

[Event "Goldmoney Asian Prelim"]
[Site "chess24.com INT"]
[Date "2021.06.27"]
[Round "8.4"]
[White "Artemiev, Vladislav"]
[Black "Svidler, Peter"]
[Result "1/2-1/2"]
[WhiteTitle "GM"]
[BlackTitle "GM"]
[WhiteElo "2704"]
[BlackElo "2714"]
[WhiteFideId "24101605"]
[BlackFideId "4102142"]
[EventDate "2021.06.26"]

1. c4 g6 2. Nc3 c5 3. g3 Bg7 4. Bg2 Nc6 5. Nf3 d6 6. O-O Bf5 7. h3 Qc8 8. Kh2
Nf6 9. b3 O-O 10. Bb2 Ne4 11. Rc1 Nxc3 12. Bxc3 e5 13. d3 h6 14. Nd2 Qd7 15. a3
a5 16. Rb1 Rab8 17. b4 axb4 18. axb4 cxb4 19. Bxb4 b5 20. Ba3 bxc4 21. Qa4 Ra8
22. Bxc6 Rxa4 23. Bxd7 Bxd7 24. Nxc4 e4 25. Bxd6 Re8 26. Nb6 exd3 27. exd3 Rd4
28. Nxd7 Rxd6 29. Nc5 Rd5 30. Rbc1 Rc8 31. Ne4 Rxc1 32. Rxc1 Rxd3 33. Rc8+ Kh7
34. Rc7 Kg8 35. Rc8+ Kh7 36. Rc7 Kg8 37. Rc8+ 1/2-1/2

[Event "Goldmoney Asian Prelim"]
[Site "chess24.com INT"]
[Date "2021.06.27"]
[Round "8.5"]
[White "Adhiban, Baskaran"]
[Black "So, Wesley"]
[Result "0-1"]
[WhiteTitle "GM"]
[BlackTitle "GM"]
[WhiteElo "2660"]
[BlackElo "2770"]
[WhiteFideId "5018471"]
[BlackFideId "5202213"]
[EventDate "2021.06.26"]

1. Nf3 Nf6 2. c4 e6 3. e3 d5 4. b3 Be7 5. Bb2 O-O 6. Nc3 c5 7. cxd5 Nxd5 8. Qc2
Nc6 9. a3 b6 10. h4 f5 11. d4 Bb7 12. Nxd5 exd5 13. dxc5 bxc5 14. Rd1 Kh8 15.
Be2 Qd6 16. O-O Rad8 17. Rd2 h6 18. Rfd1 Qe6 19. Bb5 a6 20. Ba4 Qg6 21. b4 d4
22. h5 Qg4 23. Nh2 Qxh5 24. exd4 Nxd4 25. Bxd4 cxd4 26. Rxd4 Rxd4 27. Rxd4 Qg5
28. Bc6 Qf6 29. Rc4 Qa1+ 30. Nf1 Bxc6 31. Rxc6 Qxa3 32. Qc4 Qxb4 33. Qxa6 Kh7
34. Rc8 Rxc8 35. Qxc8 Qb1 36. g3 Bf6 37. Qc6 Bd4 38. Kg2 Qa2 39. Qf3 Qe6 40. Nh2
Kg6 41. Qd3 Bf6 42. g4 Qe4+ 43. Qf3 Qxf3+ 44. Kxf3 Be5 45. gxf5+ Kxf5 46. Ng4
Bf4 0-1

[Event "Goldmoney Asian Prelim"]
[Site "chess24.com INT"]
[Date "2021.06.27"]
[Round "8.6"]
[White "Ding, Liren"]
[Black "Hou, Yifan"]
[Result "1/2-1/2"]
[WhiteTitle "GM"]
[BlackTitle "GM"]
[WhiteElo "2799"]
[BlackElo "2658"]
[WhiteFideId "8603677"]
[BlackFideId "8602980"]
[EventDate "2021.06.26"]

1. c4 e6 2. Nc3 c5 3. Nf3 Nf6 4. g3 b6 5. Bg2 Bb7 6. O-O Be7 7. d4 cxd4 8. Qxd4
d6 9. e4 O-O 10. b3 Nbd7 11. Bb2 a6 12. Rfe1 Qc7 13. Qd2 Rfe8 14. Nd4 Rad8 15.
Rad1 Bf8 16. h3 Nc5 17. Qe2 d5 18. e5 Nfe4 19. Qc2 Nxc3 20. Qxc3 dxc4 21. Qxc4
Bxg2 22. Kxg2 Rd5 23. Nf3 Rxd1 24. Rxd1 Rd8 25. Rxd8 Qxd8 26. Bd4 Qa8 27. Bxc5
Bxc5 28. Qd3 h6 29. Kg1 Qd5 30. Qxd5 exd5 31. Ne1 Kf8 32. Kg2 Ke7 33. f4 Ke6 34.
Kf3 g5 35. Nc2 gxf4 36. gxf4 b5 37. Ne1 h5 38. Nd3 Bb6 39. Nb4 a5 40. Nc2 f6 41.
exf6 Kxf6 42. Ne1 Kf5 43. Ng2 Bc5 44. Nh4+ Kf6 45. Ng2 a4 46. Ne1 axb3 47. axb3
Kf5 48. Ng2 Bb6 49. Nh4+ Kf6 50. Ng2 Kf5 51. Nh4+ Kf6 52. Ng2 Kf5 1/2-1/2

[Event "Goldmoney Asian Prelim"]
[Site "chess24.com INT"]
[Date "2021.06.27"]
[Round "9.1"]
[White "Vidit, Santosh Gujrathi"]
[Black "Aronian, Levon"]
[Result "1/2-1/2"]
[WhiteTitle "GM"]
[BlackTitle "GM"]
[WhiteElo "2726"]
[BlackElo "2781"]
[WhiteFideId "5029465"]
[BlackFideId "13300474"]
[EventDate "2021.06.26"]

1. e4 e5 2. Nf3 Nc6 3. Bc4 Bc5 4. c3 Nf6 5. d3 d6 6. O-O O-O 7. Re1 a5 8. h3 Be6
9. Bb5 Ne7 10. d4 Bb6 11. Be3 exd4 12. Nxd4 c6 13. Bd3 Ng6 14. Nd2 Qc7 15. Nxe6
fxe6 16. Qb3 Bxe3 17. Qxe6+ Kh8 18. Rxe3 d5 19. e5 Rae8 20. Qd6 Qxd6 21. exd6
Rxe3 22. fxe3 Ne5 23. Bc2 Rd8 24. e4 Rxd6 25. exd5 Rxd5 26. Rd1 g6 27. Kf2 Nd3+
28. Bxd3 Rxd3 29. Ke2 Rg3 30. Kf2 Rd3 31. Ke2 Rg3 32. Kf2 Rd3 1/2-1/2

[Event "Goldmoney Asian Prelim"]
[Site "chess24.com INT"]
[Date "2021.06.27"]
[Round "9.4"]
[White "So, Wesley"]
[Black "Ding, Liren"]
[Result "1/2-1/2"]
[WhiteTitle "GM"]
[BlackTitle "GM"]
[WhiteElo "2770"]
[BlackElo "2799"]
[WhiteFideId "5202213"]
[BlackFideId "8603677"]
[EventDate "2021.06.26"]

1. d4 Nf6 2. c4 e6 3. Nc3 Bb4 4. Qc2 O-O 5. e4 d5 6. e5 Ne4 7. Bd3 c5 8. Nf3
cxd4 9. Nxd4 Nd7 10. Bf4 Qh4 11. g3 Qh5 12. O-O Bxc3 13. bxc3 g5 14. cxd5 exd5
15. e6 gxf4 16. exd7 Bxd7 17. Bxe4 dxe4 18. Qxe4 fxg3 19. fxg3 b6 20. Nf5 Rae8
21. Qd5 Bxf5 22. Rxf5 Qe2 23. Raf1 Qe3+ 24. R1f2 Qe1+ 25. Rf1 Qe3+ 26. R1f2 Qe1+
27. Rf1 Qe3+ 1/2-1/2

[Event "Goldmoney Asian Prelim"]
[Site "chess24.com INT"]
[Date "2021.06.27"]
[Round "9.5"]
[White "Svidler, Peter"]
[Black "Adhiban, Baskaran"]
[Result "1-0"]
[WhiteTitle "GM"]
[BlackTitle "GM"]
[WhiteElo "2714"]
[BlackElo "2660"]
[WhiteFideId "4102142"]
[BlackFideId "5018471"]
[EventDate "2021.06.26"]

1. e4 e5 2. Nf3 Nc6 3. Bb5 a6 4. Ba4 Nf6 5. O-O Bc5 6. c3 b5 7. Bb3 d6 8. a4 Bg4
9. h3 Bh5 10. d3 Na5 11. Bc2 b4 12. Nbd2 Rb8 13. Re1 O-O 14. g4 Nxg4 15. hxg4
Bxg4 16. Kg2 f5 17. exf5 bxc3 18. bxc3 Qf6 19. d4 Bxf5 20. Bxf5 Qxf5 21. Ne4 Nb3
22. Rb1 Qg6+ 23. Bg5 d5 24. Nxe5 Qf5 25. Rxb3 dxe4 26. Rxb8 Qxf2+ 27. Kh3 Rxb8
28. Rf1 Qa2 29. dxc5 Qe6+ 30. Qg4 Qxe5 31. Bf6 1-0

[Event "Goldmoney Asian Prelim"]
[Site "chess24.com INT"]
[Date "2021.06.27"]
[Round "9.6"]
[White "Salem, A.R. Saleh"]
[Black "Artemiev, Vladislav"]
[Result "0-1"]
[WhiteTitle "GM"]
[BlackTitle "GM"]
[WhiteElo "2682"]
[BlackElo "2704"]
[WhiteFideId "9301348"]
[BlackFideId "24101605"]
[EventDate "2021.06.26"]

1. d4 d5 2. c4 e6 3. Nc3 c5 4. e3 Nf6 5. Nf3 Nc6 6. a3 a6 7. cxd5 exd5 8. Bd3
Bg4 9. O-O cxd4 10. exd4 Be7 11. Be3 O-O 12. h3 Bh5 13. g4 Bg6 14. Ne5 Bxd3 15.
Qxd3 h5 16. f3 Bd6 17. Bf4 Rc8 18. Rf2 Re8 19. Re1 Qb6 20. g5 Nd7 21. Nxd5 Qxd4
22. Qxd4 Nxd4 23. Nd3 Rxe1+ 24. Nxe1 Rc5 25. Bxd6 Rxd5 26. Bf4 Ne6 27. Be3 Nxg5
28. Rd2 Rxd2 29. Bxd2 Ne6 30. Nd3 Kh7 31. Kf2 Kg6 32. Bc3 Kf5 33. Ke3 g5 34. Nf2
Nb6 35. Ne4 Nd5+ 36. Kf2 Nxc3 37. bxc3 Ke5 0-1

[Event "Goldmoney Asian Prelim"]
[Site "chess24.com INT"]
[Date "2021.06.27"]
[Round "10.3"]
[White "Artemiev, Vladislav"]
[Black "Carlsen, Magnus"]
[Result "1/2-1/2"]
[WhiteTitle "GM"]
[BlackTitle "GM"]
[WhiteElo "2704"]
[BlackElo "2847"]
[WhiteFideId "24101605"]
[BlackFideId "1503014"]
[EventDate "2021.06.26"]

1. c4 Nf6 2. Nc3 e5 3. Nf3 Nc6 4. g3 d5 5. cxd5 Nxd5 6. Bg2 Bc5 7. Nxe5 Nxc3 8.
Bxc6+ bxc6 9. bxc3 Qd5 10. Nf3 Bh3 11. Qb3 Bg2 12. Qxd5 cxd5 13. Rg1 Bxf3 14.
exf3 d4 15. cxd4 Bxd4 16. Rb1 O-O-O 17. Bb2 Rhe8+ 18. Kf1 Re6 19. Bxd4 Rxd4 20.
Rb2 Rc4 21. Kg2 Rb6 22. Rgb1 Ra4 23. f4 Kb7 24. Rxb6+ axb6 25. Rb2 c5 26. Kf3
Kc6 27. d3 b5 28. Ke3 f5 29. Kd2 b4 30. Rc2 Kd5 31. Ke3 Ra6 32. h4 h5 33. Kd2 g6
34. Ke3 Re6+ 35. Kd2 Ra6 36. Ke3 Re6+ 37. Kd2 Ra6 1/2-1/2

[Event "Goldmoney Asian Prelim"]
[Site "chess24.com INT"]
[Date "2021.06.27"]
[Round "10.4"]
[White "Adhiban, Baskaran"]
[Black "Salem, A.R. Saleh"]
[Result "1-0"]
[WhiteTitle "GM"]
[BlackTitle "GM"]
[WhiteElo "2660"]
[BlackElo "2682"]
[WhiteFideId "5018471"]
[BlackFideId "9301348"]
[EventDate "2021.06.26"]

1. b3 d5 2. Bb2 c5 3. e3 Nf6 4. Nf3 e6 5. c4 Nc6 6. cxd5 exd5 7. d4 cxd4 8. Nxd4
Bd6 9. Be2 O-O 10. O-O Re8 11. Nd2 Nxd4 12. Bxd4 Bf5 13. Nf3 Ne4 14. Bb2 Re6 15.
g3 Bh3 16. Re1 Bc5 17. Nd4 Qf6 18. Bf3 Ree8 19. Rc1 Bb6 20. Qe2 Rac8 21. Bg2
Bxg2 22. Kxg2 h5 23. Qf3 Bxd4 24. Bxd4 Qg6 25. h4 a5 26. Qe2 Rc6 27. Rxc6 bxc6
28. Rc1 Re6 29. Qe1 Qf5 30. f3 Nf6 31. Qxa5 Kh7 32. Qc3 Kg8 33. Qc2 Qxc2+ 34.
Rxc2 Nd7 35. b4 f6 36. a4 Kf8 37. a5 1-0

[Event "Goldmoney Asian Prelim"]
[Site "chess24.com INT"]
[Date "2021.06.27"]
[Round "10.5"]
[White "Ding, Liren"]
[Black "Svidler, Peter"]
[Result "1-0"]
[WhiteTitle "GM"]
[BlackTitle "GM"]
[WhiteElo "2799"]
[BlackElo "2714"]
[WhiteFideId "8603677"]
[BlackFideId "4102142"]
[EventDate "2021.06.26"]

1. d4 Nf6 2. c4 g6 3. f3 d5 4. cxd5 Nxd5 5. e4 Nb6 6. Nc3 Bg7 7. Be3 Nc6 8. d5
Ne5 9. Bd4 O-O 10. f4 Ng4 11. Bxg7 Kxg7 12. Nf3 e6 13. Qd4+ Nf6 14. O-O-O exd5
15. e5 Nh5 16. f5 Bxf5 17. g4 c5 18. Qg1 Bxg4 19. Qxg4 d4 20. Rg1 Kh8 21. Ne4
Nd5 22. Qg5 Qxg5+ 23. Nfxg5 Ne3 24. Rd2 Rae8 25. Nd6 Re7 26. Rf2 Kg7 27. Be2 f6
28. Ngf7 fxe5 29. Bxh5 e4 30. Bd1 Rexf7 31. Nxf7 Rxf7 32. Rxf7+ Kxf7 33. Bc2
Nxc2 34. Kxc2 Kf6 35. Rf1+ Ke6 36. Rf8 h5 37. a4 g5 38. a5 Ke5 39. Rf7 e3 40.
Rxb7 Ke4 41. Rxa7 1-0

[Event "Goldmoney Asian Prelim"]
[Site "chess24.com INT"]
[Date "2021.06.28"]
[Round "11.2"]
[White "Hou, Yifan"]
[Black "Vidit, Santosh Gujrathi"]
[Result "0-1"]
[WhiteTitle "GM"]
[BlackTitle "GM"]
[WhiteElo "2658"]
[BlackElo "2726"]
[WhiteFideId "8602980"]
[BlackFideId "5029465"]
[EventDate "2021.06.26"]

1. e4 c5 2. Nf3 e6 3. d4 cxd4 4. Nxd4 Nf6 5. Nc3 Nc6 6. Ndb5 d6 7. Bf4 e5 8. Bg5
a6 9. Na3 b5 10. Nd5 Be7 11. Bxf6 Bxf6 12. c4 b4 13. Nc2 O-O 14. Be2 a5 15. O-O
Bg5 16. Bg4 Be6 17. h3 g6 18. Bxe6 fxe6 19. Nde3 Kg7 20. Qd3 Rb8 21. Rad1 Be7
22. c5 dxc5 23. Qb3 Qc8 24. Nc4 Qa6 25. Rd7 Rbd8 26. Nxe5 c4 27. Qe3 Rxd7 28.
Nxd7 Rd8 29. Nc5 Qc8 30. Na4 Qc7 31. Qe2 Ne5 32. Rd1 Nd3 33. Ne3 Bh4 34. Rf1 Qc6
35. Qg4 Bf6 36. b3 c3 37. Qe2 Qxe4 38. Nb6 Bh4 39. Nbc4 a4 40. g3 Bg5 41. h4
Bxe3 42. fxe3 Rd5 43. Kh2 Ne5 44. Rf4 Qb1 45. e4 Rd1 46. Qf2 g5 47. Qa7+ Rd7 48.
Qc5 Qc2+ 49. Kh3 g4+ 50. Rxg4+ Nxg4 51. Qg5+ Kf8 52. Qf4+ Rf7 53. Qxg4 Qd3 54.
Qg5 Qf1+ 55. Kg4 Rg7 0-1

[Event "Goldmoney Asian Prelim"]
[Site "chess24.com INT"]
[Date "2021.06.28"]
[Round "11.5"]
[White "Salem, A.R. Saleh"]
[Black "Ding, Liren"]
[Result "0-1"]
[WhiteTitle "GM"]
[BlackTitle "GM"]
[WhiteElo "2682"]
[BlackElo "2799"]
[WhiteFideId "9301348"]
[BlackFideId "8603677"]
[EventDate "2021.06.26"]

1. d4 Nf6 2. c4 e6 3. Nc3 Bb4 4. a3 Bxc3+ 5. bxc3 b6 6. f3 Nc6 7. e4 Na5 8. Bg5
h6 9. Bh4 d6 10. Bd3 Ba6 11. f4 Qd7 12. e5 Ng8 13. Qf3 Bb7 14. Qg4 f5 15. exf6
Nxf6 16. Bg6+ Kd8 17. Qe2 Nxc4 18. Nf3 Bd5 19. O-O Kc8 20. a4 a5 21. Nd2 Qc6 22.
Bd3 Nxd2 23. Qxd2 Bc4 24. Qe2 Bxd3 25. Qxd3 Nd5 26. c4 Nb4 27. Qe2 Kb7 28. Rfc1
Rhf8 29. Bg3 Rad8 30. Rc3 Rf5 31. Qxe6 Rf6 32. Qg4 Qe4 33. Qf3 Re8 34. Rd1 Rfe6
35. Bf2 Qxf3 36. Rxf3 Re2 37. f5 Ra2 38. d5 Ree2 39. Rf1 Nc2 40. Rg3 Re5 41.
Rxg7 Rxf5 42. c5 bxc5 43. Rb1+ Nb4 44. Bg3 Rxd5 45. h4 Rxa4 46. Rf1 Ra2 47. Rf6
Kc6 48. Rxh6 a4 49. Rh8 Rd1+ 50. Kh2 Raa1 51. Kh3 a3 52. Ra8 a2 53. h5 Rd5 54.
Ra7 Rh1+ 55. Kg4 a1=Q 56. Rgxc7+ Kb5 0-1

[Event "Goldmoney Asian Prelim"]
[Site "chess24.com INT"]
[Date "2021.06.28"]
[Round "11.6"]
[White "Carlsen, Magnus"]
[Black "Adhiban, Baskaran"]
[Result "1/2-1/2"]
[WhiteTitle "GM"]
[BlackTitle "GM"]
[WhiteElo "2847"]
[BlackElo "2660"]
[WhiteFideId "1503014"]
[BlackFideId "5018471"]
[EventDate "2021.06.26"]

1. d4 Nf6 2. c4 g6 3. Nc3 Bg7 4. e4 d6 5. Nf3 O-O 6. Be2 e5 7. O-O Nc6 8. d5 Ne7
9. b4 a5 10. b5 b6 11. a4 Kh8 12. Ra3 Nd7 13. Re1 Ng8 14. Bd3 Bh6 15. Bb2 Bg7
16. Bc2 f5 17. exf5 gxf5 18. Ne2 f4 19. g3 fxg3 20. hxg3 Nc5 21. Kg2 Nh6 22. Rh1
Bf5 23. Nh4 Be4+ 24. f3 Bxc2 25. Qxc2 Kg8 26. Bc1 Qf6 27. Bxh6 Bxh6 28. g4 e4
29. Nf5 Bg7 30. Neg3 Rae8 31. Nxe4 Nxe4 32. fxe4 Rxe4 33. Qxe4 Qb2+ 34. Kf3
Qxa3+ 35. Qe3 Qxa4 36. Qe6+ Kh8 37. Qe7 Qb3+ 38. Kg2 Qc2+ 39. Kf3 Qd3+ 40. Kg2
Qc2+ 41. Kf3 Qc3+ 42. Kg2 Qe5 43. Re1 Qc3 44. Re3 Qb2+ 45. Re2 Qc3 46. Re3 Qb2+
47. Re2 Qc3 48. Re3 1/2-1/2

[Event "Goldmoney Asian Prelim"]
[Site "chess24.com INT"]
[Date "2021.06.28"]
[Round "11.7"]
[White "Giri, Anish"]
[Black "Artemiev, Vladislav"]
[Result "1/2-1/2"]
[WhiteTitle "GM"]
[BlackTitle "GM"]
[WhiteElo "2780"]
[BlackElo "2704"]
[WhiteFideId "24116068"]
[BlackFideId "24101605"]
[EventDate "2021.06.26"]

1. e4 d5 2. exd5 Qxd5 3. Nc3 Qd6 4. d4 Nf6 5. Nf3 c6 6. Ne5 Nbd7 7. Nc4 Qc7 8.
Qf3 Nb6 9. Bf4 Qd8 10. Be5 Be6 11. Ne3 g6 12. O-O-O Bh6 13. Kb1 Bxe3 14. Qxe3
Ng4 15. Qe1 Nxe5 16. Qxe5 O-O 17. h4 Nd5 18. Ne4 Qb6 19. Bc4 Qc7 20. Qg5 Qf4 21.
Rhe1 h6 22. Qxf4 Nxf4 23. Bf1 b6 24. g3 Nd5 25. Kc1 Rad8 26. c3 Rfe8 27. Nd2 Nf6
28. Bc4 Bd5 29. a4 Kf8 30. Kc2 Rc8 31. Re2 Red8 32. Rde1 Bxc4 33. Nxc4 c5 34.
dxc5 Rxc5 35. Ne5 e6 36. Re3 Rdd5 37. b4 Rc7 38. Kb3 Rd2 39. R3e2 Rd8 40. Re3
Rd2 41. R3e2 Rd8 42. Re3 Rd2 1/2-1/2

[Event "Goldmoney Asian Prelim"]
[Site "chess24.com INT"]
[Date "2021.06.28"]
[Round "12.3"]
[White "Adhiban, Baskaran"]
[Black "Giri, Anish"]
[Result "1-0"]
[WhiteTitle "GM"]
[BlackTitle "GM"]
[WhiteElo "2660"]
[BlackElo "2780"]
[WhiteFideId "5018471"]
[BlackFideId "24116068"]
[EventDate "2021.06.26"]

1. b3 d5 2. Nf3 Bf5 3. Bb2 e6 4. d3 h6 5. Nbd2 Nf6 6. g3 Bh7 7. Bg2 Be7 8. e4
O-O 9. Qe2 a5 10. a3 a4 11. b4 c5 12. b5 c4 13. dxc4 Nxe4 14. O-O Nd7 15. Rad1
Bf6 16. Nxe4 Bxb2 17. cxd5 exd5 18. Rxd5 Qe7 19. Nfd2 Bxa3 20. Nc4 Bb4 21. c3
Ba5 22. b6 f5 23. Nf6+ Qxf6 24. Rxd7 Qxc3 25. Bxb7 Rab8 26. Nxa5 Qxa5 27. Bd5+
Kh8 28. Qe5 Rg8 29. Rc1 Qxb6 30. Bxg8 Rxg8 31. Rcc7 f4 32. Rxg7 Qb1+ 33. Kg2 f3+
34. Kh3 Qf5+ 35. g4 1-0

[Event "Goldmoney Asian Prelim"]
[Site "chess24.com INT"]
[Date "2021.06.28"]
[Round "12.4"]
[White "Ding, Liren"]
[Black "Carlsen, Magnus"]
[Result "1/2-1/2"]
[WhiteTitle "GM"]
[BlackTitle "GM"]
[WhiteElo "2799"]
[BlackElo "2847"]
[WhiteFideId "8603677"]
[BlackFideId "1503014"]
[EventDate "2021.06.26"]

1. d4 Nf6 2. c4 e6 3. g3 d5 4. Bg2 Bb4+ 5. Bd2 Be7 6. Nf3 O-O 7. O-O c6 8. Qc2
b6 9. Rd1 Bb7 10. Bf4 Nbd7 11. Ne5 Nh5 12. Bd2 Nhf6 13. Bf4 Nh5 14. Bd2 Nhf6 15.
Bf4 1/2-1/2

[Event "Goldmoney Asian Prelim"]
[Site "chess24.com INT"]
[Date "2021.06.28"]
[Round "12.7"]
[White "Vidit, Santosh Gujrathi"]
[Black "So, Wesley"]
[Result "1/2-1/2"]
[WhiteTitle "GM"]
[BlackTitle "GM"]
[WhiteElo "2726"]
[BlackElo "2770"]
[WhiteFideId "5029465"]
[BlackFideId "5202213"]
[EventDate "2021.06.26"]

1. e4 e5 2. Nf3 Nc6 3. Bc4 Bc5 4. c3 Nf6 5. d3 O-O 6. O-O d6 7. Re1 h6 8. Nbd2
Bb6 9. Bb3 a5 10. Nf1 Be6 11. Bc2 d5 12. exd5 Nxd5 13. h3 Qd6 14. Ba4 Nde7 15.
Be3 Bxe3 16. Rxe3 Rad8 17. Bxc6 Nxc6 18. Qe2 Bf5 19. Nxe5 Nxe5 20. Rxe5 Bxd3 21.
Qe3 1/2-1/2

[Event "Goldmoney Asian Prelim"]
[Site "chess24.com INT"]
[Date "2021.06.28"]
[Round "13.1"]
[White "Hou, Yifan"]
[Black "Aronian, Levon"]
[Result "1/2-1/2"]
[WhiteTitle "GM"]
[BlackTitle "GM"]
[WhiteElo "2658"]
[BlackElo "2781"]
[WhiteFideId "8602980"]
[BlackFideId "13300474"]
[EventDate "2021.06.26"]

1. e4 e5 2. Nf3 Nc6 3. Bc4 Bc5 4. c3 Nf6 5. d4 exd4 6. cxd4 Bb4+ 7. Bd2 Bxd2+ 8.
Nbxd2 d5 9. exd5 Nxd5 10. O-O O-O 11. Rc1 Nce7 12. Qb3 c6 13. Rfe1 Kh8 14. Ne4
f6 15. h3 b6 16. Qa3 a5 17. Bxd5 Nxd5 18. Rxc6 Bb7 19. Re6 Nb4 20. Nd6 Bd5 21.
Qa4 Bxe6 22. Rxe6 Ra7 23. a3 Nd5 24. Nb5 Rd7 25. Qc4 Re8 26. Rc6 g6 27. Nc3 Kg7
28. Qb5 Ree7 29. Nxd5 Rxd5 30. Qxb6 Qxb6 31. Rxb6 h5 32. h4 g5 33. hxg5 fxg5 34.
Ne5 Kh7 35. b3 g4 36. Kh2 Rxd4 37. Rb5 Rc7 38. f3 a4 39. bxa4 Rxa4 40. fxg4 hxg4
41. Rb4 Rxb4 42. axb4 Rb7 43. Nxg4 Rxb4 44. Ne5 Rb2 45. Nf3 Rxg2+ 46. Kxg2 1/2-1/2

[Event "Goldmoney Asian Prelim"]
[Site "chess24.com INT"]
[Date "2021.06.28"]
[Round "13.3"]
[White "Svidler, Peter"]
[Black "Vidit, Santosh Gujrathi"]
[Result "0-1"]
[WhiteTitle "GM"]
[BlackTitle "GM"]
[WhiteElo "2714"]
[BlackElo "2726"]
[WhiteFideId "4102142"]
[BlackFideId "5029465"]
[EventDate "2021.06.26"]

1. Nf3 d5 2. c4 d4 3. b4 c5 4. g3 a5 5. bxc5 Nc6 6. d3 e5 7. Ba3 Nf6 8. Nbd2 Qc7
9. Bg2 Nb4 10. Nb3 Na6 11. O-O a4 12. Nbxd4 exd4 13. Nxd4 Nxc5 14. Nb5 Qa5 15.
Rb1 Bd7 16. d4 Nce4 17. Qd3 Nd2 18. Qe3+ Be6 19. Bxb7 Nxc4 20. Bc6+ Kd8 21. Qf3
Nxa3 22. Nxa3 Bd5 23. Bxd5 Qxd5 24. Qd3 Bxa3 25. Qxa3 Kd7 26. Rfc1 Rhc8 27. Rxc8
Rxc8 28. Qxa4+ Ke7 29. f3 Nd7 30. Kf2 Rc4 31. Qa3+ Qd6 32. Qe3+ Kf8 33. Rd1 h6
34. Rd2 Nb6 35. Qe4 Ra4 36. e3 g6 37. Rc2 Kg7 38. Qe5+ Qxe5 39. dxe5 Nd5 40. f4
Ra3 41. e4 Nc3 42. Ke3 Nxa2+ 43. Kd4 Ra4+ 44. Kc5 Ra8 45. Kd6 Nb4 46. Rc7 Ra6+
47. Kc5 Nd3+ 48. Kd4 Nf2 49. f5 Ra4+ 50. Ke3 Ng4+ 51. Kf4 gxf5 52. Kxf5 Ne3+ 0-1